000 00449nam a2200121Ia 4500
008 160609s9999 xx 000 0 und d
100 _aMei, Kao Shin.
245 _aNarrative Development Of School Children: Studies From Multilingual Families In Taiwan By Kao Shin-mei
245 _cBy:Kao Shin-Mei
260 _c2014
650 _xCHILD & ADOLESCENT DEVELOPMENT
856 _uhttp://file.ebook777.com/002/NarDevOfSchChiStuFroMulFamInTaiByKaoShi.pdf
999 _c295900
_d295900